[Event "TUR-chT 2nd League"]
[Site "Denizli"]
[Date "2023.07.12"]
[Round "5.165"]
[White "Akar, Nilay"]
[Black "Zengin, Hande"]
[Result "0-1"]
[WhiteElo "1416"]
[BlackElo "1623"]
[PlyCount "30"]
[EventDate "2023.07.09"]
[EventType "team-swiss"]
[EventRounds "9"]
[EventCountry "TUR"]
[SourceTitle "CBM 215 Extra"]
[Source "ChessBase"]
[SourceDate "2023.09.30"]
[SourceVersion "1"]
[SourceVersionDate "2023.09.30"]
[SourceQuality "1"]
[WhiteTeam "Marmara Universitesi"]
[BlackTeam "Denizli Gelisim"]
[WhiteTeamCountry "TUR"]
[BlackTeamCountry "TUR"]

1. e4 e6 2. d4 d5 3. Nd2 c5 4. exd5 exd5 5. dxc5 Bxc5 6. Nb3 Bb6 7. Bb5+ Nc6 8. Qe2+ Nge7 9. Nf3 0-0 10. Bd2 Bf5 11. 0-0-0 a5 12. Bc3 Qc7 13. Qd2 Be4 14. h4 Nf5 15. Bxc6 Qxc6 0-1

[Event "TUR-chT 2nd League"]
[Site "Konya"]
[Date "2019.07.23"]
[Round "2.2"]
[White "Ciblakbas, Sertan"]
[Black "Zengin, Hande"]
[Result "1-0"]
[WhiteElo "1729"]
[BlackElo "1661"]
[PlyCount "43"]
[EventDate "2019.07.22"]
[EventType "team-swiss"]
[EventRounds "9"]
[EventCountry "TUR"]
[SourceTitle "CBM 191 Extra"]
[Source "ChessBase"]
[SourceDate "2019.09.30"]
[SourceVersion "1"]
[SourceVersionDate "2019.09.30"]
[SourceQuality "1"]
[WhiteTeam "Beyazkale Satranc Evi"]
[BlackTeam "Ego Spor"]
[WhiteTeamCountry "TUR"]
[BlackTeamCountry "TUR"]

1. c4 Nf6 2. Nc3 g6 3. g3 Bg7 4. Bg2 e5 5. Nf3 d6 6. d4 Qe7 7. Bg5 c6 8. dxe5 dxe5 9. Nd2 Qc7 10. Nde4 Nxe4 11. Nxe4 0-0 12. Qd6 Qxd6 13. Nxd6 f6 14. Be3 Na6 15. 0-0 Rd8 16. Nxc8 Rdxc8 17. Rfd1 Rc7 18. a3 c5 19. Rd6 Rb8 20. Rad1 b6 21. Rd7 Rbc8 22. Bb7 1-0

[Event "TUR-chT 2nd League"]
[Site "Konya"]
[Date "2019.07.22"]
[Round "1.9"]
[White "Zengin, Hande"]
[Black "Izi, Ekrem"]
[Result "1/2-1/2"]
[WhiteElo "1661"]
[BlackElo "1605"]
[PlyCount "83"]
[EventDate "2019.07.22"]
[EventType "team-swiss"]
[EventRounds "9"]
[EventCountry "TUR"]
[SourceTitle "CBM 191 Extra"]
[Source "ChessBase"]
[SourceDate "2019.09.30"]
[SourceVersion "1"]
[SourceVersionDate "2019.09.30"]
[SourceQuality "1"]
[WhiteTeam "Ego Spor"]
[BlackTeam "Seviye Dernegi"]
[WhiteTeamCountry "TUR"]
[BlackTeamCountry "TUR"]

1. d4 Nf6 2. c4 e5 3. d5 Bc5 4. e3 a6 5. Nf3 d6 6. Nc3 0-0 7. Be2 Bf5 8. a3 Bg6 9. b4 Ba7 10. 0-0 Nbd7 11. Bb2 Ne4 12. Nxe4 Bxe4 13. Bd3 Nf6 14. Bxe4 Nxe4 15. Qc2 f5 16. Rfe1 Ng5 17. Nxg5 Qxg5 18. c5 f4 19. exf4 Qxf4 20. Re4 Qf5 21. Rae1 Qg6 22. Kh1 Rf4 23. f3 Rxe4 24. Rxe4 Rf8 25. Bc1 h6 26. Be3 Bb8 27. Qb3 Qf7 28. Qd3 Kh8 29. Qd2 Qf6 30. Kg1 Ba7 31. Rg4 Rf7 32. Qd3 Qf5 33. Qxf5 Rxf5 34. Kf2 Rf6 35. Ke2 Bb8 36. Kd3 Kg8 37. Kc4 Kf8 38. a4 Rf7 39. Rg6 Ke8 40. h3 Ke7 41. Rg4 c6 42. Rg6 1/2-1/2

[Event "TUR-chT 1st League"]
[Site "Konya"]
[Date "2018.07.22"]
[Round "9.11"]
[White "Zengin, Hande"]
[Black "Rakhmangulova, Anastasiya"]
[Result "0-1"]
[WhiteElo "1647"]
[BlackElo "2219"]
[PlyCount "60"]
[EventDate "2018.07.16"]
[EventType "team-swiss"]
[EventRounds "9"]
[EventCountry "TUR"]
[SourceTitle "EXT 2019"]
[Source "ChessBase"]
[SourceDate "2018.10.10"]
[SourceVersion "1"]
[SourceVersionDate "2018.10.10"]
[SourceQuality "1"]
[WhiteTeam "Ego Spor"]
[BlackTeam "Aydin Egitim Merkezi"]
[WhiteTeamCountry "TUR"]
[BlackTeamCountry "TUR"]

1. d4 d5 2. c4 Nc6 3. cxd5 Qxd5 4. e3 e5 5. Nc3 Bb4 6. a3 Bxc3+ 7. bxc3 Nf6 8. c4 Qd6 9. d5 Ne7 10. a4 Nd7 11. Ba3 Nc5 12. Nf3 Ng6 13. Qc2 f5 14. Be2 0-0 15. 0-0 b6 16. a5 Bd7 17. Nd2 e4 18. Nb3 Ne5 19. Nxc5 bxc5 20. f4 exf3 21. Bxf3 Rae8 22. Rae1 Rf6 23. h3 Rh6 24. e4 f4 25. Bd1 Bxh3 26. Rxf4 Bd7 27. Ref1 Ng6 28. Bc1 Ne5 29. R4f2 Ng4 30. Rf4 Rh1+ 0-1

[Event "TUR-chT 1st League"]
[Site "Konya"]
[Date "2018.07.20"]
[Round "7.11"]
[White "Zengin, Hande"]
[Black "Bayram, Irem Inci"]
[Result "1/2-1/2"]
[WhiteElo "1647"]
[BlackElo "1554"]
[PlyCount "111"]
[EventDate "2018.07.16"]
[EventType "team-swiss"]
[EventRounds "9"]
[EventCountry "TUR"]
[SourceTitle "EXT 2019"]
[Source "ChessBase"]
[SourceDate "2018.10.10"]
[SourceVersion "1"]
[SourceVersionDate "2018.10.10"]
[SourceQuality "1"]
[WhiteTeam "Ego Spor"]
[BlackTeam "Karman Masterler"]
[WhiteTeamCountry "TUR"]
[BlackTeamCountry "TUR"]

1. d4 d5 2. c4 e6 3. g3 Nf6 4. Nf3 Be7 5. Bg2 c6 6. 0-0 0-0 7. Qc2 Nbd7 8. Nbd2 b6 9. e4 Bb7 10. e5 Ne8 11. Re1 Rc8 12. Qd1 a5 13. h4 h6 14. Bf1 c5 15. cxd5 Bxd5 16. Nb1 Bxf3 17. Qxf3 cxd4 18. Bf4 f5 19. exf6 Rxf6 20. Qg4 e5 21. Bd2 Rc2 22. Bh3 Rc7 23. a4 Nd6 24. Na3 Qf8 25. Rad1 e4 26. Bf4 Nc5 27. Rxd4 Nd3 28. Rdxe4 Nxe4 29. Rxe4 Nxf4 30. gxf4 Bxa3 31. bxa3 Rcf7 32. Qe2 Qxa3 33. Be6 Qc1+ 34. Kh2 Rxe6 35. Rxe6 Qxf4+ 36. Kg2 Qxh4 37. Rxb6 Qg5+ 38. Kf1 Qc1+ 39. Kg2 Qg5+ 40. Kf1 Qc1+ 41. Kg2 Qg5+ 42. Kf1 Rf5 43. Rb8+ Kh7 44. Qe4 Qf4 45. Qc2 Qxb8 46. Qxf5+ Kg8 47. Qxa5 Qb1+ 48. Ke2 Qe4+ 49. Kf1 Qb1+ 50. Kg2 Qg6+ 51. Kf3 Qf6+ 52. Ke3 Qe6+ 53. Kd4 Qf6+ 54. Ke3 Qe6+ 55. Kd4 Qf6+ 56. Ke3 1/2-1/2

[Event "TUR-chT 1st League"]
[Site "Konya"]
[Date "2017.07.18"]
[Round "2.11"]
[White "Zengin, Hande"]
[Black "Celik, Akarsu Bengi"]
[Result "1/2-1/2"]
[WhiteElo "1573"]
[BlackElo "1475"]
[PlyCount "72"]
[EventDate "2017.07.17"]
[EventType "team-swiss"]
[EventRounds "9"]
[EventCountry "TUR"]
[SourceTitle "CBM 179 Extra"]
[Source "ChessBase"]
[SourceDate "2017.08.23"]
[SourceVersion "1"]
[SourceVersionDate "2017.08.23"]
[SourceQuality "1"]
[WhiteTeam "Ankara Ego"]
[BlackTeam "Karsiyaka Ihtisas"]
[WhiteTeamCountry "TUR"]
[BlackTeamCountry "TUR"]

1. d4 d5 2. c4 e6 3. g3 Nf6 4. Nf3 Nbd7 5. Bg2 Be7 6. 0-0 0-0 7. Qc2 c6 8. b3 b6 9. Nbd2 Bb7 10. e4 dxe4 11. Nxe4 Nxe4 12. Qxe4 Nf6 13. Qe2 Qc7 14. Rd1 Rad8 15. Bf4 Bd6 16. Ne5 Nd7 17. Re1 Nxe5 18. dxe5 Bb4 19. Red1 Bc3 20. Rac1 Rxd1+ 21. Rxd1 Rd8 22. Rd3 Bb4 23. Qd1 Be7 24. Be4 g6 25. h4 Rxd3 26. Qxd3 c5 27. Bxb7 Qxb7 28. Bh6 Qc7 29. Qe4 Qc8 30. Kf1 Bf8 31. Bf4 Be7 32. Bh6 Bf8 33. Bf4 Be7 34. Qd3 Qd8 35. Qe4 Qc8 36. Bh6 Bf8 1/2-1/2

[Event "TUR-chT 1st League"]
[Site "Konya"]
[Date "2017.07.17"]
[Round "1.9"]
[White "Erece, Ece Alkim"]
[Black "Zengin, Hande"]
[Result "1-0"]
[WhiteElo "1829"]
[BlackElo "1573"]
[PlyCount "83"]
[EventDate "2017.07.17"]
[EventType "team-swiss"]
[EventRounds "9"]
[EventCountry "TUR"]
[SourceTitle "CBM 179 Extra"]
[Source "ChessBase"]
[SourceDate "2017.08.23"]
[SourceVersion "1"]
[SourceVersionDate "2017.08.23"]
[SourceQuality "1"]
[WhiteTeam "Bursa Buyuksehir"]
[BlackTeam "Ankara Ego"]
[WhiteTeamCountry "TUR"]
[BlackTeamCountry "TUR"]

1. Nf3 Nf6 2. g3 d5 3. Bg2 g6 4. c4 c6 5. cxd5 cxd5 6. d4 Bg7 7. Nc3 0-0 8. 0-0 Nc6 9. Ne5 Qa5 10. Nxc6 bxc6 11. Na4 Re8 12. Bd2 Qb5 13. e3 Bf5 14. Rc1 Ne4 15. Bxe4 Bxe4 16. Rc5 Qb7 17. Bc3 e5 18. dxe5 Bxe5 19. Bxe5 Rxe5 20. g4 g5 21. f3 Bg6 22. f4 gxf4 23. exf4 Re4 24. f5 Qb4 25. fxg6 Rxg4+ 26. Kh1 Qe4+ 27. Qf3 Qxf3+ 28. Rxf3 Rxa4 29. gxf7+ Kg7 30. Rc1 Rg4 31. Rxc6 Rf8 32. Rc7 Ra4 33. a3 Kg6 34. Kg2 Rg4+ 35. Kf2 Rh4 36. h3 Ra4 37. Rd7 Ra6 38. Ke2 Re6+ 39. Kd3 Ra6 40. Kd4 Rb6 41. b4 Rb5 42. Rxd5 1-0

[Event "TUR-ch (Women)"]
[Site "Aksu"]
[Date "2017.03.10"]
[Round "8"]
[White "Anacoglu, Cisel"]
[Black "Zengin, Hande"]
[Result "1/2-1/2"]
[WhiteElo "1340"]
[BlackElo "1485"]
[PlyCount "105"]
[EventDate "2017.03.06"]
[EventType "swiss"]
[EventRounds "9"]
[EventCountry "TUR"]
[SourceTitle "CBM 177 Extra"]
[Source "ChessBase"]
[SourceDate "2017.04.27"]
[SourceVersion "1"]
[SourceVersionDate "2017.04.27"]
[SourceQuality "1"]

1. e4 e6 2. d4 d5 3. Nc3 Nc6 4. Nf3 Nf6 5. Bg5 Be7 6. e5 Nd7 7. Bxe7 Nxe7 8. Nb5 a6 9. Na3 b5 10. c3 c5 11. Nc2 Nc6 12. a3 f6 13. exf6 Qxf6 14. Be2 0-0 15. dxc5 Nxc5 16. Ncd4 Bb7 17. Nxc6 Bxc6 18. Qd4 Na4 19. Ne5 Be8 20. b3 Nc5 21. Qxc5 Qxe5 22. Qd4 Qc7 23. 0-0 Rf4 24. Qd2 Rh4 25. g3 Rh6 26. Bf3 Rd8 27. Qd4 Bh5 28. Bg2 Bg6 29. Rac1 Qa5 30. Qc5 Rb8 31. b4 Qb6 32. Qxb6 Rxb6 33. Rfe1 Bf5 34. Re5 Rf6 35. f4 Rc6 36. Ree1 Rf8 37. Re5 g6 38. Re3 Rfc8 39. h3 h5 40. Kf1 Rc4 41. Ke1 d4 42. Rf3 dxc3 43. Re3 R4c7 44. Be4 Kf7 45. Bxf5 exf5 46. Rc2 Re7 47. Ke2 Rec7 48. Ke1 Kf6 49. h4 Rc4 50. Ke2 Re4 51. Kf3 Rxe3+ 52. Kxe3 Ke6 53. Kd4 1/2-1/2

[Event "TUR-ch (Women)"]
[Site "Aksu"]
[Date "2017.03.07"]
[Round "3"]
[White "Zengin, Hande"]
[Black "Dirican, Feride"]
[Result "1-0"]
[WhiteElo "1485"]
[BlackElo "1241"]
[PlyCount "91"]
[EventDate "2017.03.06"]
[EventType "swiss"]
[EventRounds "9"]
[EventCountry "TUR"]
[SourceTitle "CBM 177 Extra"]
[Source "ChessBase"]
[SourceDate "2017.04.27"]
[SourceVersion "1"]
[SourceVersionDate "2017.04.27"]
[SourceQuality "1"]

1. d4 Nf6 2. c4 e6 3. g3 Be7 4. Nf3 b6 5. Bg2 Bb7 6. 0-0 0-0 7. Nc3 c5 8. b3 Nc6 9. d5 exd5 10. cxd5 Ne8 11. dxc6 Bxc6 12. Nd5 Bd6 13. Bb2 Bb8 14. Qd2 Kh8 15. Rad1 Nd6 16. Ne5 Bb7 17. Ne3 Bxg2 18. Kxg2 Qe7 19. Nf3 Rd8 20. Nd5 Qe6 21. Bxg7+ Kxg7 22. Qg5+ Qg6 23. Qxd8 Qe4 24. Qg5+ Qg6 25. Qxg6+ hxg6 26. Rfe1 f5 27. Nd2 Kf7 28. e4 Ke6 29. Nf4+ Kf6 30. e5+ Kf7 31. exd6 Bxd6 32. Nc4 Bxf4 33. Rxd7+ Kf6 34. gxf4 b5 35. Nd6 Rf8 36. Ne8+ Rxe8 37. Rxe8 g5 38. fxg5+ Kxg5 39. h4+ Kf4 40. h5 c4 41. bxc4 bxc4 42. h6 c3 43. h7 c2 44. h8Q Kg5 45. Rg7+ Kf4 46. Qh4# 1-0

[Event "TUR-ch (Women)"]
[Site "Cesme"]
[Date "2016.03.09"]
[Round "5"]
[White "Zengin, Hande"]
[Black "Erece, Ece Alkim"]
[Result "1-0"]
[WhiteElo "1586"]
[BlackElo "1752"]
[PlyCount "121"]
[EventDate "2016.03.07"]
[EventType "swiss"]
[EventRounds "9"]
[EventCountry "TUR"]
[SourceTitle "CBM 171 Extra"]
[Source "ChessBase"]
[SourceDate "2016.04.26"]
[SourceVersion "1"]
[SourceVersionDate "2016.04.26"]
[SourceQuality "1"]

1. e4 e5 2. Nf3 Nc6 3. Bb5 Nge7 4. d4 exd4 5. Nxd4 a6 6. Nxc6 Nxc6 7. Bc4 Bb4+ 8. c3 Be7 9. 0-0 0-0 10. Be3 b5 11. Be2 Re8 12. f4 Bf8 13. Bf3 Bb7 14. Qd3 Na5 15. Nd2 Qe7 16. Rfe1 Rad8 17. Rad1 d6 18. Bf2 c5 19. Nf1 Nc4 20. Qc2 Nb6 21. Ng3 Qc7 22. Be3 f6 23. Bc1 d5 24. exd5 Rxe1+ 25. Rxe1 Bxd5 26. Bxd5+ Nxd5 27. Qe4 Qe7 28. Qxe7 Bxe7 29. Nf5 Kf7 30. Nxe7 Nxe7 31. Kf2 Nc8 32. Be3 c4 33. Bd4 f5 34. Re5 Nd6 35. Kf3 g6 36. Rc5 Rd7 37. h3 b4 38. Rd5 b3 39. a4 Ke8 40. Ra5 Ne4 41. Rxa6 Rxd4 42. cxd4 c3 43. bxc3 Nd2+ 44. Ke2 b2 45. Rb6 b1Q 46. Rxb1 Nxb1 47. Kd3 Kd7 48. Kc2 Na3+ 49. Kb3 Nb1 50. Kc2 Na3+ 51. Kb3 Nb1 52. c4 Nd2+ 53. Kb4 Kc6 54. d5+ Kd6 55. a5 Ne4 56. a6 Kc7 57. c5 Nf6 58. Kc4 h6 59. Kd4 Nd7 60. a7 Kb7 61. c6+ 1-0

[Event "TUR-chT2"]
[Site "Konya"]
[Date "2015.07.29"]
[Round "7.5"]
[White "Zengin, Hande"]
[Black "Sade, Defne"]
[Result "0-1"]
[WhiteElo "1557"]
[BlackElo "1579"]
[PlyCount "56"]
[EventDate "2015.07.25"]
[EventType "team-swiss"]
[EventRounds "9"]
[EventCountry "TUR"]
[SourceTitle "CBM 167 Extra"]
[Source "ChessBase"]
[SourceDate "2015.09.14"]
[SourceVersion "1"]
[SourceVersionDate "2015.09.14"]
[SourceQuality "1"]
[WhiteTeam "Ankara Ego"]
[BlackTeam "Manisa Salihli Sardes"]
[WhiteTeamCountry "TUR"]
[BlackTeamCountry "TUR"]

1. e4 e5 2. Nf3 Nc6 3. Bb5 a6 4. Bxc6 dxc6 5. d4 exd4 6. Qxd4 Qxd4 7. Nxd4 Bd7 8. Be3 0-0-0 9. Nd2 Ne7 10. 0-0-0 Ng6 11. f3 Bd6 12. Nc4 Rhe8 13. g3 Bf8 14. Rhe1 c5 15. Nb3 b6 16. Bg1 Bc6 17. Ne3 Ne5 18. Nd2 Rxd2 19. Rxd2 Nxf3 20. Rf1 Nxd2 21. Kxd2 f6 22. Bf2 Bxe4 23. g4 Bd6 24. Bg1 b5 25. h3 Be5 26. c3 b4 27. Nc4 bxc3+ 28. bxc3 Rd8+ 0-1

[Event "TUR-chT2"]
[Site "Konya"]
[Date "2015.07.25"]
[Round "1.7"]
[White "Zengin, Hande"]
[Black "Onur, Cigdem"]
[Result "0-1"]
[WhiteElo "1557"]
[BlackElo "1659"]
[PlyCount "152"]
[EventDate "2015.07.25"]
[EventType "team-swiss"]
[EventRounds "9"]
[EventCountry "TUR"]
[SourceTitle "CBM 167 Extra"]
[Source "ChessBase"]
[SourceDate "2015.09.14"]
[SourceVersion "1"]
[SourceVersionDate "2015.09.14"]
[SourceQuality "1"]
[WhiteTeam "Ankara Ego"]
[BlackTeam "Bursa Buyuksehir"]
[WhiteTeamCountry "TUR"]
[BlackTeamCountry "TUR"]

1. e4 c5 2. Nf3 Nc6 3. Bb5 Nf6 4. Bxc6 dxc6 5. d3 Bg4 6. h3 Bh5 7. Nbd2 e6 8. Qe2 Be7 9. 0-0 Qc7 10. Nb3 0-0 11. Bg5 Rfd8 12. Qe3 Bxf3 13. Qxf3 Qe5 14. Bc1 c4 15. dxc4 Qxe4 16. Qxe4 Nxe4 17. Re1 Nd6 18. Nd2 Bf6 19. Rb1 Bg5 20. c5 Nf5 21. Ne4 Be7 22. Bf4 Rd5 23. b4 Rad8 24. a3 Nd4 25. Rb2 R5d7 26. Kf1 Nb5 27. a4 Nd4 28. c3 Nf5 29. g4 Nh4 30. Bd6 Bxd6 31. Nxd6 Ng6 32. Re4 Ne7 33. Rd4 Nc8 34. Nxc8 Rxd4 35. cxd4 Rxc8 36. Ke2 Kf8 37. Ke3 Ke7 38. b5 Kd7 39. Ke4 Rd8 40. Rb3 Kc7 41. Rf3 Rd7 42. h4 b6 43. Rc3 cxb5 44. axb5 Rd5 45. f3 Kb7 46. c6+ Kc7 47. Rb3 f6 48. f4 f5+ 49. gxf5 Rxf5 50. Kf3 Rh5 51. Kg4 Rd5 52. Rb4 g6 53. Kf3 Rh5 54. Kg4 Rd5 55. Kg3 a6 56. bxa6 Ra5 57. Rc4 Rxa6 58. Kf3 Ra5 59. Kg4 Rd5 60. Kf3 b5 61. Rb4 Kxc6 62. Kg4 Kb6 63. Rb3 Rxd4 64. Re3 Rd6 65. Kg5 Ka5 66. Kh6 Rd4 67. Rf3 Rd7 68. Re3 Rf7 69. Re4 b4 70. Rxe6 Rxf4 71. Kg5 Rf5+ 72. Kg4 Ka4 73. Re7 h5+ 74. Kg3 b3 75. Rb7 Ka3 76. Rb6 b2 0-1

[Event "Manavgat Turkey Cup"]
[Site "Manavgat"]
[Date "2015.02.01"]
[Round "3"]
[White "Zengin, Hande"]
[Black "Olcum, Ahmet"]
[Result "0-1"]
[WhiteElo "1603"]
[BlackElo "2017"]
[PlyCount "54"]
[EventDate "2015.01.31"]
[EventType "swiss"]
[EventRounds "11"]
[EventCountry "TUR"]
[SourceTitle "CBM 164 Extra"]
[Source "ChessBase"]
[SourceDate "2015.03.02"]
[SourceVersion "1"]
[SourceVersionDate "2015.03.02"]
[SourceQuality "1"]

1. d4 d6 2. c4 g6 3. Nc3 Bg7 4. e4 Nc6 5. Be3 e5 6. Nge2 Nf6 7. f3 0-0 8. d5 Ne7 9. Qd2 c6 10. Nc1 cxd5 11. cxd5 Ne8 12. Be2 f5 13. 0-0 f4 14. Bf2 g5 15. Nd3 h5 16. Rac1 Ng6 17. b4 g4 18. b5 Qg5 19. fxg4 hxg4 20. Be1 Bh6 21. Rb1 Ng7 22. a4 Bd7 23. Nb4 Qh5 24. Qb2 f3 25. Bc4 Rac8 26. Bb3 Be3+ 27. Kh1 f2 0-1

[Event "TUR-chT2"]
[Site "Konya"]
[Date "2014.06.27"]
[Round "7.10"]
[White "Demirelli, Leman"]
[Black "Zengin, Hande"]
[Result "0-1"]
[WhiteElo "1483"]
[BlackElo "1616"]
[PlyCount "79"]
[EventDate "2014.06.23"]
[EventType "team-swiss"]
[EventRounds "9"]
[EventCountry "TUR"]
[SourceTitle "CBM 161 Extra"]
[Source "ChessBase"]
[SourceDate "2014.08.29"]
[SourceVersion "1"]
[SourceVersionDate "2014.08.29"]
[SourceQuality "1"]
[WhiteTeam "Er Bakir"]
[BlackTeam "Ego Spor"]
[WhiteTeamCountry "TUR"]
[BlackTeamCountry "TUR"]

1. d4 Nf6 2. c4 g6 3. Nc3 Bg7 4. e4 d6 5. Nf3 0-0 6. Be3 Nbd7 7. Be2 e5 8. dxe5 dxe5 9. h3 c6 10. 0-0 Qe7 11. Qc2 b6 12. Rfd1 Nh5 13. Qd2 Rd8 14. Bg5 Bf6 15. Bxf6 Qxf6 16. Qd6 Re8 17. Qd2 Nf4 18. Bf1 Nc5 19. Qd6 Nxh3+ 20. gxh3 Qxf3 21. Bg2 Qh5 22. Qxc6 Bxh3 23. Bxh3 Qxh3 24. Qf6 Qg4+ 25. Kf1 Nxe4 26. Nxe4 Qxe4 27. b3 Re6 28. Rd8+ Rxd8 29. Qxd8+ Kg7 30. Rd1 Rf6 31. Qd3 Qxd3+ 32. Rxd3 g5 33. Rd7 a5 34. Rd5 Re6 35. c5 bxc5 36. Rxc5 h5 37. Rxa5 h4 38. b4 h3 39. Kg1 g4 40. b5 0-1

[Event "TUR-chT2"]
[Site "Konya"]
[Date "2014.06.26"]
[Round "5.4"]
[White "Ayan, Bengu Sena"]
[Black "Zengin, Hande"]
[Result "1-0"]
[WhiteElo "1549"]
[BlackElo "1616"]
[PlyCount "69"]
[EventDate "2014.06.23"]
[EventType "team-swiss"]
[EventRounds "9"]
[EventCountry "TUR"]
[SourceTitle "CBM 161 Extra"]
[Source "ChessBase"]
[SourceDate "2014.08.29"]
[SourceVersion "1"]
[SourceVersionDate "2014.08.29"]
[SourceQuality "1"]
[WhiteTeam "Deniz Pamukkale"]
[BlackTeam "Ego Spor"]
[WhiteTeamCountry "TUR"]
[BlackTeamCountry "TUR"]

1. e4 e5 2. Nf3 Nc6 3. Bb5 a6 4. Ba4 Nf6 5. 0-0 Be7 6. Re1 b5 7. Bb3 d6 8. h3 Na5 9. c3 Nxb3 10. axb3 Bb7 11. d3 c5 12. Nbd2 0-0 13. Nf1 Ne8 14. Ne3 g6 15. Ng4 Ng7 16. d4 exd4 17. cxd4 f5 18. Nh6+ Kh8 19. d5 fxe4 20. Rxe4 Nf5 21. Qd2 Nxh6 22. Qxh6 Rf5 23. Nh4 Rf8 24. Nf3 Rf5 25. Nh4 Bxh4 26. Rxh4 Qg8 27. Bd2 b4 28. Re1 Re5 29. Rxe5 dxe5 30. Bg5 Rf8 31. d6 Qf7 32. Qxf8+ Qxf8 33. d7 Qf5 34. d8Q+ Kg7 35. Qe7+ 1-0